[Event "SERBIA CHESS OPEN 2021 – MASTERS"]
[Site "Belgrade, Hotel Metropol"]
[Date "2021.07.05"]
[Round "5.26"]
[White "Sadikhov, Ulvi"]
[Black "Sarenac, David"]
[Result "1-0"]
[WhiteElo "2490"]
[BlackElo "2289"]
[PlyCount "81"]
[EventDate "2021.??.??"]

1. c4 Nf6 2. Nc3 d5 3. cxd5 Nxd5 4. g3 g6 5. Bg2 Nb6 6. b3 Bg7 7. Bb2 O-O 8.
Nf3 Nc6 9. O-O e5 10. d3 Re8 11. Rc1 Nd4 12. Nd2 c6 13. Re1 h5 14. e3 Ne6 15.
Qc2 Nc5 16. Nde4 Nxe4 17. Nxe4 Qe7 18. Qd2 Bf5 19. Qa5 Qc7 20. Red1 Red8 21.
Nc5 Qb8 22. b4 Nd7 23. Ne4 Nf8 24. f4 Nd7 25. b5 cxb5 26. Qxb5 a6 27. Qb4 Qa7
28. Re1 Nb6 29. fxe5 Rxd3 30. Bd4 Nd5 31. Qc4 Rxd4 32. Qxd4 Qxd4 33. exd4 Bh6
34. Rc5 Nb4 35. Rc7 Rd8 36. Nd6 Be6 37. a3 Nd3 38. Re2 Nc1 39. Rec2 Be3+ 40.
Kf1 Bxd4 41. Nxb7 1-0

[Event "SERBIA CHESS OPEN 2021 – MASTERS"]
[Site "Belgrade, Hotel Metropol"]
[Date "2021.07.05"]
[Round "5.27"]
[White "Vardaan, Nagpal"]
[Black "Blohberger, Felix"]
[Result "1/2-1/2"]
[WhiteElo "2366"]
[BlackElo "2490"]
[PlyCount "54"]
[EventDate "2021.??.??"]

1. d4 d5 2. c4 c6 3. Nf3 Nf6 4. g3 Bf5 5. Nc3 e6 6. Nh4 dxc4 7. Nxf5 exf5 8. e3
Bd6 9. Bxc4 h5 10. Qf3 g6 11. Bd2 Nbd7 12. O-O-O Qe7 13. Kb1 Ne4 14. Nxe4 fxe4
15. Qe2 O-O-O 16. Ba5 Rde8 17. Bc3 Rhf8 18. h4 Kb8 19. a3 Nb6 20. Bb3 Qd7 21.
Rc1 Nd5 22. Rc2 Qf5 23. Rhc1 Rc8 24. Qd2 f6 25. Bxd5 cxd5 26. Bb4 Qd7 27. Bxd6+
Qxd6 1/2-1/2

[Event "SERBIA CHESS OPEN 2021 – MASTERS"]
[Site "Belgrade, Hotel Metropol"]
[Date "2021.07.05"]
[Round "5.28"]
[White "Pichot, Alan"]
[Black "Sargsyan, Anna M"]
[Result "1-0"]
[WhiteElo "2630"]
[BlackElo "2397"]
[PlyCount "43"]
[EventDate "2021.??.??"]

1. e4 c5 2. Nf3 e6 3. d4 cxd4 4. Nxd4 Nc6 5. Nc3 Qc7 6. Be3 a6 7. g4 b5 8. Nxc6
dxc6 9. Qf3 Bd6 10. O-O-O Ne7 11. h4 Rb8 12. Rxd6 Qxd6 13. e5 Qc7 14. Ne4 O-O
15. Bc5 Bb7 16. Bd6 Qa5 17. Bd3 c5 18. Bxe7 c4 19. Nf6+ gxf6 20. Qxf6 h6 21.
Qxh6 f5 22. exf6 1-0

[Event "SERBIA CHESS OPEN 2021 – MASTERS"]
[Site "Belgrade, Hotel Metropol"]
[Date "2021.07.05"]
[Round "5.29"]
[White "Dragnev, Valentin"]
[Black "Radovanovic, Nikola"]
[Result "1/2-1/2"]
[WhiteElo "2569"]
[BlackElo "2395"]
[PlyCount "117"]
[EventDate "2021.??.??"]

1. e4 c5 2. Nf3 Nc6 3. Bb5 e6 4. O-O Nge7 5. Re1 a6 6. Bf1 d5 7. exd5 Nxd5 8.
d4 Nf6 9. Be3 Nd5 10. Bg5 f6 11. Bc1 cxd4 12. Nxd4 Nxd4 13. Qxd4 Bd6 14. Qa4+
Bd7 15. Qb3 O-O 16. c4 Nb4 17. Be3 Qc7 18. g3 Nc6 19. Bb6 Qc8 20. Nc3 f5 21.
Rad1 Bb8 22. Bg2 Re8 23. Na4 Ne5 24. Bd4 Bxa4 25. Qxa4 Nc6 26. Bc3 e5 27. b4 e4
28. f4 Ba7+ 29. Kh1 a5 30. b5 Nb4 31. Qb3 Bc5 32. Qb2 Qc7 33. Be5 Qe7 34. g4
Rad8 35. gxf5 Nd3 36. Rxd3 exd3 37. Bd5+ Rxd5 38. cxd5 Qf7 39. Qb3 d2 40. Rd1
Qxf5 41. d6+ Kh8 42. Qd5 Qg4 43. Rf1 Qe2 44. Qg2 Qxg2+ 45. Kxg2 Bxd6 46. Rd1
Bxe5 47. fxe5 Rxe5 48. Rxd2 h5 49. a4 Re4 50. Rd7 b6 51. Rd6 Rxa4 52. Rxb6 Rb4
53. Rb8+ Kh7 54. b6 Rb2+ 55. Kg3 g5 56. Ra8 Rb3+ 57. Kg2 Rxb6 58. Rxa5 Kg6 59.
h3 1/2-1/2

[Event "SERBIA CHESS OPEN 2021 – MASTERS"]
[Site "Belgrade, Hotel Metropol"]
[Date "2021.07.05"]
[Round "5.30"]
[White "Yankelevich, Lev"]
[Black "Perunovic, Milos"]
[Result "1/2-1/2"]
[WhiteElo "2389"]
[BlackElo "2567"]
[PlyCount "45"]
[EventDate "2021.??.??"]

1. d4 Nf6 2. c4 c5 3. d5 b5 4. cxb5 a6 5. e3 g6 6. Nc3 Bg7 7. Nf3 O-O 8. a4 Bb7
9. Be2 axb5 10. Bxb5 Na6 11. e4 e6 12. O-O exd5 13. exd5 Nb4 14. d6 Ne4 15.
Nxe4 Bxe4 16. Re1 Bc2 17. Qe2 Qb6 18. Bg5 Bxb2 19. Be7 Bxa1 20. Rxa1 Bf5 21.
Rd1 Nc6 22. Bf6 Nd4 23. Nxd4 1/2-1/2

[Event "SERBIA CHESS OPEN 2021 – MASTERS"]
[Site "Belgrade, Hotel Metropol"]
[Date "2021.07.05"]
[Round "5.31"]
[White "Zanan, Evgeny"]
[Black "Salimova, Nurgyul"]
[Result "1-0"]
[WhiteElo "2535"]
[BlackElo "2395"]
[PlyCount "105"]
[EventDate "2021.??.??"]

1. d4 Nf6 2. c4 e6 3. Nf3 d5 4. g3 Be7 5. Bg2 O-O 6. Nc3 dxc4 7. Ne5 Nc6 8.
Bxc6 bxc6 9. Nxc6 Qe8 10. Nxe7+ Qxe7 11. Qa4 Nd5 12. Qxc4 a5 13. Bd2 Ba6 14.
Qc5 Qd7 15. f3 Rfb8 16. b3 Nxc3 17. Qxc3 Rb4 18. Be3 Qb5 19. Qc2 a4 20. Kf2 e5
21. bxa4 Qd5 22. dxe5 Qxe5 23. Rab1 Rc4 24. Qb2 Qe6 25. Rhc1 Re8 26. Qb3 h6 27.
Rxc4 Bxc4 28. Qc3 Ba6 29. Rb4 Qxa2 30. Qb2 Qe6 31. Re4 Qc6 32. Rxe8+ Qxe8 33.
a5 Qe6 34. Qc2 Qd7 35. Qe4 Qb5 36. Bd4 f6 37. Bc3 Qc5+ 38. Qd4 Qb5 39. Qd8+ Kh7
40. Qe7 Kg8 41. g4 Qc6 42. Bd4 Qb5 43. Qe6+ Kh8 44. h4 Qxa5 45. g5 Qa4 46. Qe4
Bb7 47. Qf4 hxg5 48. hxg5 Kg8 49. gxf6 Qd7 50. fxg7 Qd8 51. e3 c5 52. Qh6 Kf7
53. Qh5+ 1-0

[Event "SERBIA CHESS OPEN 2021 – MASTERS"]
[Site "Belgrade, Hotel Metropol"]
[Date "2021.07.05"]
[Round "5.32"]
[White "Annaberdiev, Meilis"]
[Black "Arsovic, Goran"]
[Result "1-0"]
[WhiteElo "2532"]
[BlackElo "2381"]
[PlyCount "72"]
[EventDate "2021.??.??"]

1. Nf3 Nf6 2. c4 g6 3. b3 Bg7 4. Bb2 O-O 5. g3 d6 6. Bg2 Re8 7. d4 Nbd7 8. O-O
c6 9. Nc3 a5 10. Qc2 e5 11. e3 exd4 12. Nxd4 h5 13. Ba3 Nc5 14. Rad1 Qb6 15. h3
Bd7 16. Na4 Nxa4 17. bxa4 d5 18. Rb1 Qa7 19. Qb3 Ne4 20. Qxb7 Bxd4 21. exd4 Nd2
22. Qxa7 Rxa7 23. Bc5 Raa8 24. cxd5 cxd5 25. Rb7 Bc8 26. Rc7 Nxf1 27. Bxd5 Be6
28. Bxa8 Rxa8 29. Kxf1 Bxh3+ 30. Ke2 Be6 31. a3 Rb8 32. Ra7 Rb2+ 33. Ke3 g5 34.
Rxa5 h4 35. gxh4 gxh4 36. Rb5 Ra2 1-0

[Event "SERBIA CHESS OPEN 2021 – MASTERS"]
[Site "Belgrade, Hotel Metropol"]
[Date "2021.07.05"]
[Round "5.33"]
[White "Risteski, Emil"]
[Black "Sedlak, Nikola"]
[Result "0-1"]
[WhiteElo "2367"]
[BlackElo "2519"]
[PlyCount "62"]
[EventDate "2021.??.??"]

1. e4 c5 2. Nf3 e6 3. d4 cxd4 4. Nxd4 a6 5. Bd3 Bc5 6. Nb3 Be7 7. Qg4 Bf6 8.
O-O Nc6 9. f4 d6 10. Qe2 Nge7 11. g4 Ng6 12. Nc3 e5 13. g5 Be7 14. f5 Nf4 15.
Bxf4 exf4 16. h4 h6 17. f6 gxf6 18. gxh6 Ne5 19. Rxf4 f5 20. exf5 Bxh4 21. f6
Bg3 22. Qe3 Bxf4 23. Qxf4 Qb6+ 24. Kg2 Be6 25. Be4 Rg8+ 26. Kh1 Rg4 27. Qh2
O-O-O 28. h7 Rh8 29. Rg1 Qe3 30. Rxg4 Nxg4 31. Qxd6 Qe1+ 0-1

[Event "SERBIA CHESS OPEN 2021 – MASTERS"]
[Site "Belgrade, Hotel Metropol"]
[Date "2021.07.05"]
[Round "5.34"]
[White "Budisavljevic, Luka"]
[Black "Kamer, Kayra"]
[Result "1/2-1/2"]
[WhiteElo "2509"]
[BlackElo "2355"]
[PlyCount "51"]
[EventDate "2021.??.??"]

1. e4 c5 2. Nf3 e6 3. d4 cxd4 4. Nxd4 a6 5. c4 Nf6 6. Nc3 Qc7 7. Be2 b6 8. Be3
Bb7 9. f3 Be7 10. Qd2 O-O 11. O-O-O Nc6 12. Kb1 Rfc8 13. Rc1 Nxd4 14. Bxd4 d6
15. g4 Nd7 16. g5 Qd8 17. h4 Bc6 18. Rcg1 b5 19. h5 b4 20. Nd1 d5 21. exd5 exd5
22. g6 Bd6 23. gxh7+ Kxh7 24. cxd5 Bxd5 25. Ne3 Be6 26. Bd3+ 1/2-1/2

[Event "SERBIA CHESS OPEN 2021 – MASTERS"]
[Site "Belgrade, Hotel Metropol"]
[Date "2021.07.05"]
[Round "5.35"]
[White "Damljanovic, Branko"]
[Black "Zlatanovic, Boroljub"]
[Result "1-0"]
[WhiteElo "2501"]
[BlackElo "2350"]
[PlyCount "155"]
[EventDate "2021.??.??"]

1. c4 g6 2. d4 Bg7 3. e4 d6 4. Nc3 e5 5. d5 f5 6. exf5 gxf5 7. Bd3 Nf6 8. Nge2
O-O 9. Ng3 e4 10. Be2 Na6 11. Bg5 Qe8 12. Qd2 Ng4 13. O-O Nc5 14. Bxg4 fxg4 15.
Rae1 Bxc3 16. Qxc3 Qg6 17. Bd2 Bf5 18. Qd4 Rae8 19. Bc3 Nd3 20. Re3 b6 21. Kh1
Re5 22. Re2 h5 23. Qe3 Ree8 24. Rd2 Kh7 25. Ne2 Qh6 26. Qxh6+ Kxh6 27. Nd4 Bd7
28. Kg1 h4 29. Nc2 Rf7 30. Re2 Bf5 31. Ne3 Bd7 32. g3 Ref8 33. Bd4 h3 34. Nd1
Bf5 35. Nc3 Re8 36. Rd1 Ree7 37. a3 a6 38. b4 Bg6 39. Rdd2 Kh7 40. Re3 Kg8 41.
Kf1 Kf8 42. Nd1 Ke8 43. Nb2 Kd7 44. Rc2 Rf3 45. Nd1 Ref7 46. Ree2 e3 47. Nxe3
Ne5 48. Bxe5 Bxc2 49. Nxc2 dxe5 50. Ne3 Kd6 51. Ke1 c6 52. dxc6 Rg7 53. b5 Kc5
54. a4 Ra7 55. Rd2 axb5 56. axb5 Rf8 57. Ke2 Ra1 58. Rc2 Ra4 59. Kd3 Rg8 60.
Ke4 Rf8 61. Rd2 Raa8 62. c7 Rfe8 63. Rd5+ Kb4 64. Rd7 Kc5 65. Nd5 Rf8 66. Kxe5
Rae8+ 67. Re7 Kxc4 68. Rxe8 Rxe8+ 69. Kd6 Kxb5 70. Kd7 Ra8 71. c8=Q Rxc8 72.
Kxc8 Kc4 73. Nxb6+ Kd3 74. Kd7 Ke2 75. Ke6 Kxf2 76. Kf5 Kg2 77. Kxg4 Kxh2 78.
Nd5 1-0

[Event "SERBIA CHESS OPEN 2021 – MASTERS"]
[Site "Belgrade, Hotel Metropol"]
[Date "2021.07.05"]
[Round "5.36"]
[White "Sturt, Raven"]
[Black "Ramoutar, Alan-Safar"]
[Result "1/2-1/2"]
[WhiteElo "2500"]
[BlackElo "2344"]
[PlyCount "142"]
[EventDate "2021.??.??"]

1. d4 Nf6 2. c4 e6 3. Nf3 d5 4. Nc3 Be7 5. Bf4 O-O 6. e3 Nbd7 7. c5 Ne4 8. Bd3
f5 9. h3 c6 10. O-O b6 11. cxb6 axb6 12. a4 Bb7 13. Qe2 Bf6 14. Qe1 Qe7 15. b4
c5 16. bxc5 bxc5 17. Nb5 Rfc8 18. Ne5 Bxe5 19. dxe5 c4 20. Bc2 c3 21. f3 Nd2
22. Rf2 Qb4 23. Nd4 Bc6 24. Nxe6 Bxa4 25. Bxf5 g6 26. Bd3 Qe7 27. Nd4 Nxe5 28.
Rxd2 cxd2 29. Qxd2 Nxd3 30. Qxd3 Bd7 31. Rxa8 Rxa8 32. Qb3 Qf7 33. Kf2 Ba4 34.
Qb4 Qd7 35. Qb6 Re8 36. Qa6 Rc8 37. Be5 Bc6 38. Qb6 Qb7 39. Qc5 Qd7 40. Qb4 Re8
41. Bd6 Qb7 42. Qc5 Bd7 43. Bf4 Ba4 44. Qd6 Qd7 45. Qa6 Rc8 46. Qf6 Rf8 47. Qg5
Qd8 48. Qg3 Re8 49. h4 Qa5 50. Kg1 Rc8 51. Qg4 Re8 52. Qg5 Bd7 53. Kh2 Ba4 54.
h5 Qd8 55. hxg6 Qxg5 56. gxh7+ Kxh7 57. Bxg5 Kg6 58. Bf4 Bd7 59. g4 Rc8 60. Kg3
Rc3 61. Kf2 Ra3 62. Bd6 Ra2+ 63. Kg3 Ra6 64. Be7 Kf7 65. Bc5 Ra5 66. Bd6 Ra6
67. Be5 Ra3 68. Nc2 Ra4 69. Bf4 Bb5 70. Nd4 Bd3 71. g5 Ra1 1/2-1/2

[Event "SERBIA CHESS OPEN 2021 – MASTERS"]
[Site "Belgrade, Hotel Metropol"]
[Date "2021.07.05"]
[Round "5.37"]
[White "Leniart, Arkadiusz"]
[Black "Samadov, Read"]
[Result "1-0"]
[WhiteElo "2499"]
[BlackElo "2332"]
[PlyCount "99"]
[EventDate "2021.??.??"]

1. d4 Nf6 2. c4 e6 3. Nc3 Bb4 4. f3 c5 5. a3 Ba5 6. b4 cxd4 7. Nb5 Bc7 8. Qxd4
Nc6 9. Nxc7+ Qxc7 10. Qc3 a5 11. b5 Ne7 12. e4 d5 13. Bg5 dxe4 14. Bxf6 gxf6
15. Qxf6 Rg8 16. fxe4 Qc5 17. Rd1 Qe3+ 18. Be2 Rxg2 19. Kf1 Rg6 20. Qh8+ Rg8
21. Qd4 Qxd4 22. Rxd4 e5 23. Rd6 Rg6 24. Rxg6 Nxg6 25. Kf2 Be6 26. Nf3 Rc8 27.
Rc1 Rc5 28. Ke3 b6 29. Bf1 f6 30. Nd2 Ne7 31. Be2 Nc8 32. Nb3 Rc7 33. c5 bxc5
34. Rxc5 Ra7 35. Rc6 Bxb3 36. Rxc8+ Ke7 37. Rc6 Rb7 38. Ra6 a4 39. Kd2 Rc7 40.
Bd3 Rd7 41. Ke3 Rb7 42. Ra8 Kd6 43. h4 Ke7 44. Kd2 Rd7 45. Kc3 Bd1 46. b6 Kd6
47. Ba6 Kc6 48. b7 Rxb7 49. Bxb7+ Kxb7 50. Rf8 1-0

[Event "SERBIA CHESS OPEN 2021 – MASTERS"]
[Site "Belgrade, Hotel Metropol"]
[Date "2021.07.05"]
[Round "5.38"]
[White "Baglan, Esat"]
[Black "Csonka, Balazs"]
[Result "1/2-1/2"]
[WhiteElo "2359"]
[BlackElo "2498"]
[PlyCount "106"]
[EventDate "2021.??.??"]

1. e4 e5 2. Nf3 Nc6 3. Bb5 a6 4. Ba4 Bc5 5. Bxc6 dxc6 6. d3 Ne7 7. Be3 Bd6 8.
Nbd2 c5 9. Nc4 Nc6 10. Nfd2 O-O 11. O-O Be6 12. a4 Be7 13. f4 exf4 14. Bxf4 Bf6
15. Kh1 b5 16. axb5 axb5 17. Rxa8 Qxa8 18. e5 Be7 19. Ne3 c4 20. dxc4 bxc4 21.
Qh5 Nb4 22. Nf5 Bxf5 23. Qxf5 Qd5 24. Ne4 Nxc2 25. Nf6+ Bxf6 26. Qxc2 Bxe5 27.
Bxe5 Qxe5 28. Qxc4 g6 29. h3 Kg7 30. b4 f5 31. Rd1 Rf7 32. Rd5 Qe1+ 33. Kh2 f4
34. Rd3 Qe5 35. Rd5 Qe1 36. Rd3 Qe5 37. Rd5 Qf6 38. Rd3 g5 39. b5 h5 40. Rd5 g4
41. hxg4 hxg4 42. Qd4 Qxd4 43. Rxd4 Kh6 44. Rd5 Kg6 45. Rc5 Rf5 46. Rxc7 Rh5+
47. Kg1 Rxb5 48. Rc2 Kg5 49. Kf2 Kh4 50. g3+ fxg3+ 51. Kg2 Ra5 52. Rb2 Rf5 53.
Rb8 Rf2+ 1/2-1/2

[Event "SERBIA CHESS OPEN 2021 – MASTERS"]
[Site "Belgrade, Hotel Metropol"]
[Date "2021.07.05"]
[Round "5.39"]
[White "Nestorovic, Nikola"]
[Black "Radovanovic, Jovica"]
[Result "1-0"]
[WhiteElo "2477"]
[BlackElo "2326"]
[PlyCount "79"]
[EventDate "2021.??.??"]

1. d4 d5 2. Nf3 Nf6 3. c4 e6 4. g3 dxc4 5. Bg2 a6 6. O-O Nc6 7. Nc3 Rb8 8. e4
Be7 9. d5 exd5 10. e5 d4 11. exf6 Bxf6 12. Qe2+ Be6 13. Ne4 d3 14. Nxf6+ Qxf6
15. Qe4 Qf5 16. Qxf5 Bxf5 17. Nd2 Be6 18. Bxc6+ bxc6 19. Re1 O-O 20. Rxe6 fxe6
21. Nxc4 a5 22. Bd2 a4 23. Re1 Rf5 24. Bc3 Rc5 25. Na3 e5 26. Nb1 Rxc3 27. Nxc3
Rxb2 28. Rd1 d2 29. Ne4 Rxa2 30. Nxd2 Rb2 31. Nf3 a3 32. Nxe5 g5 33. Ra1 Rb3
34. Kf1 Kg7 35. Ke2 Rb7 36. Ke3 Kf6 37. Nd3 a2 38. Nc1 Kf5 39. h3 g4 40. Nxa2
1-0

[Event "SERBIA CHESS OPEN 2021 – MASTERS"]
[Site "Belgrade, Hotel Metropol"]
[Date "2021.07.05"]
[Round "5.40"]
[White "Arnaudov, G. Petar"]
[Black "Barseghyan, Armen Ar"]
[Result "0-1"]
[WhiteElo "2471"]
[BlackElo "2316"]
[PlyCount "142"]
[EventDate "2021.??.??"]

1. d4 Nf6 2. c4 e6 3. Nf3 a6 4. Nc3 d5 5. g3 dxc4 6. Bg2 Nc6 7. O-O Rb8 8. e4
Be7 9. Qe2 b5 10. Rd1 O-O 11. Be3 Nb4 12. Ne1 Bb7 13. f4 Qc8 14. a3 Nc6 15. e5
Nd7 16. d5 Na5 17. Bh3 Nc5 18. Qf2 Nab3 19. Rab1 Qe8 20. Qc2 exd5 21. Nxd5 Bxd5
22. Rxd5 Rd8 23. Rbd1 Rxd5 24. Rxd5 Qb8 25. Rd1 Rd8 26. f5 Rxd1 27. Qxd1 Qd8
28. Qg4 Bf8 29. e6 fxe6 30. fxe6 Be7 31. Qf3 Nd4 32. Qf7+ Kh8 33. Kg2 Nc6 34.
Nf3 Ne4 35. Qf5 Nf6 36. Kf2 Qd5 37. Ke2 Kg8 38. g4 Qxf5 39. gxf5 Bd6 40. Nd4
Ne7 41. Nf3 Nfd5 42. Bg4 c3 43. bxc3 Nxc3+ 44. Kd3 Ncd5 45. Bc1 c5 46. h4 c4+
47. Kd4 Nf6 48. Bh3 Nc6+ 49. Kc3 Nd5+ 50. Kc2 Be7 51. Ng5 Nd4+ 52. Kb2 Ne2 53.
Bg2 Bf6+ 54. Kc2 Nd4+ 55. Kd1 Ne7 56. Bb7 a5 57. Bd2 Nb3 58. Ba6 Nxd2 59. Kxd2
c3+ 60. Kd3 b4 61. axb4 axb4 62. Bc4 h6 63. Ne4 Bxh4 64. Bb3 Kf8 65. Kc4 Nxf5
66. Kxb4 Be1 67. Kc4 h5 68. Kd5 c2 69. Bxc2 Ne3+ 70. Kd6 Bb4+ 71. Kd7 Nxc2 0-1

[Event "SERBIA CHESS OPEN 2021 – MASTERS"]
[Site "Belgrade, Hotel Metropol"]
[Date "2021.07.05"]
[Round "5.42"]
[White "Gharibyan, Mamikon"]
[Black "Tisaj, Domen"]
[Result "1/2-1/2"]
[WhiteElo "2464"]
[BlackElo "2293"]
[PlyCount "130"]
[EventDate "2021.??.??"]

1. d4 Nf6 2. c4 e6 3. Nf3 d5 4. Nc3 Be7 5. Bg5 h6 6. Bxf6 Bxf6 7. e3 O-O 8. Rc1
c6 9. Bd3 Nd7 10. O-O dxc4 11. Bxc4 e5 12. d5 Nb6 13. b3 cxd5 14. Bxd5 Nxd5 15.
Nxd5 e4 16. Nxf6+ Qxf6 17. Nd4 Qg6 18. Kh1 Bg4 19. Qd2 Rac8 20. Qb4 Qa6 21. a4
Rfe8 22. Rfe1 Qf6 23. Kg1 b6 24. Qb5 Re5 25. Rxc8+ Bxc8 26. Qc6 Qxc6 27. Nxc6
Rc5 28. Nd4 a5 29. h4 Ba6 30. Rb1 Bd3 31. Rb2 g6 32. Kh2 Rc1 33. Kg3 Kg7 34.
Kf4 Kf6 35. b4 Ra1 36. bxa5 bxa5 37. Rb6+ Kg7 38. Ke5 Rxa4 39. Rb7 Rb4 40. Ra7
Rb6 41. Rxa5 Rb2 42. f4 exf3 43. gxf3 Rh2 44. Ra7 Bc4 45. Rc7 Ba2 46. Ra7 Bc4
47. Ra4 Ba2 48. f4 Bb1 49. Ra1 Rb2 50. Ra7 Rb6 51. Re7 Kf8 52. Rc7 Kg7 53. Nc6
Kg8 54. Nd8 Kg7 55. e4 Rb5+ 56. Kd4 Rb4+ 57. Ke3 Rb8 58. Rd7 Rc8 59. Ne6+ Kf6
60. Nc7 Kg7 61. Kd4 Rb8 62. Nd5 Re8 63. Nc3 Rb8 64. Nd5 Re8 65. Nc3 Rb8 1/2-1/2

[Event "SERBIA CHESS OPEN 2021 – MASTERS"]
[Site "Belgrade, Hotel Metropol"]
[Date "2021.07.05"]
[Round "5.43"]
[White "Muradli, Mahammad"]
[Black "Beydullayeva, Govhar"]
[Result "1/2-1/2"]
[WhiteElo "2461"]
[BlackElo "2264"]
[PlyCount "43"]
[EventDate "2021.??.??"]

1. Nf3 Nf6 2. c4 e6 3. g3 b6 4. Bg2 Bb7 5. d4 Bb4+ 6. Bd2 Bxd2+ 7. Qxd2 O-O 8.
Nc3 Ne4 9. Qc2 Nxc3 10. Qxc3 d6 11. O-O Nd7 12. Rfe1 Nf6 13. Rad1 Qe7 14. Nh4
Be4 15. Bf1 Bb7 16. f3 d5 17. cxd5 Nxd5 18. Qb3 c5 19. e4 Nc7 20. Qe3 a6 21.
Qb3 Rab8 22. Ng2 1/2-1/2

[Event "SERBIA CHESS OPEN 2021 – MASTERS"]
[Site "Belgrade, Hotel Metropol"]
[Date "2021.07.05"]
[Round "5.44"]
[White "Gasimov, Parviz"]
[Black "Boskovic, Drasko"]
[Result "1-0"]
[WhiteElo "2353"]
[BlackElo "2451"]
[PlyCount "99"]
[EventDate "2021.??.??"]

1. e4 c5 2. Nf3 Nc6 3. d4 cxd4 4. Nxd4 Nf6 5. Nc3 d6 6. f3 e5 7. Nb3 Be7 8. Be3
O-O 9. Qd2 a5 10. Bb5 Na7 11. Bd3 Be6 12. Rd1 Nc8 13. O-O a4 14. Nc1 Nb6 15.
Qf2 Nc4 16. Bxc4 Bxc4 17. Rfe1 h6 18. a3 Qc8 19. Nd3 b5 20. Nb4 Qb7 21. Rd2
Rfc8 22. Red1 Be6 23. h3 Rc4 24. Kh1 Rac8 25. Rd3 Kh7 26. Kh2 Bf8 27. R3d2 g5
28. Kh1 Rxb4 29. axb4 a3 30. Nb1 a2 31. Nc3 Rxc3 32. bxc3 Bc4 33. Bb6 d5 34.
Bd8 Nh5 35. exd5 Bd6 36. Qe1 Qd7 37. Bb6 Nf4 38. Bc5 f5 39. Qe3 Nh5 40. Bxd6
Qxd6 41. Qa7+ Ng7 42. Qc5 Qa6 43. d6 a1=Q 44. d7 Ne6 45. Qe7+ Kg6 46. Qe8+ Kg7
47. Rxa1 Qxa1+ 48. Kh2 g4 49. d8=Q Nxd8 50. Qxe5+ 1-0

[Event "SERBIA CHESS OPEN 2021 – MASTERS"]
[Site "Belgrade, Hotel Metropol"]
[Date "2021.07.05"]
[Round "5.45"]
[White "Irizanin, Radoje"]
[Black "Schreiner, Peter"]
[Result "1-0"]
[WhiteElo "2330"]
[BlackElo "2441"]
[PlyCount "125"]
[EventDate "2021.??.??"]

1. b3 Nf6 2. Bb2 g6 3. Nf3 Bg7 4. g3 d5 5. c4 e6 6. Bg2 O-O 7. O-O b6 8. d4 Bb7
9. Nbd2 Nbd7 10. Rc1 Ne4 11. Qc2 Rc8 12. Nxe4 dxe4 13. Ne5 f5 14. f4 exf3 15.
Bxf3 Nxe5 16. dxe5 Bxf3 17. exf3 Qe7 18. Rcd1 Rfd8 19. Rxd8+ Rxd8 20. Rd1 Kf7
21. Rd3 Ke8 22. Kf1 Qc5 23. Rxd8+ Kxd8 24. Qd2+ Kc8 25. Bd4 Qc6 26. Ke2 Bf8 27.
Qe3 a6 28. a4 Kb7 29. h3 h6 30. Qd3 Be7 31. Qe3 Qd7 32. Qd3 h5 33. Be3 Qc6 34.
Bf2 a5 35. Qd4 Bc5 36. Qd3 Bxf2 37. Kxf2 Qc5+ 38. Qe3 Kc6 39. Ke2 Qxe3+ 40.
Kxe3 Kc5 41. Kf4 Kb4 42. Kg5 Kxb3 43. Kf6 Kxa4 44. Kxe6 Kb3 45. Kf7 a4 46. e6
a3 47. e7 a2 48. e8=Q a1=Q 49. Qb5+ Kc2 50. Kxg6 Qg1 51. Qxf5+ Kb3 52. Qb5+ Ka3
53. g4 Qg3 54. Qxh5 Qxf3 55. g5 Qe4+ 56. Kh6 Qxc4 57. Qf3+ Kb2 58. Qf6+ Kc2 59.
g6 b5 60. g7 Qg8 61. Kg6 Qb3 62. h4 b4 63. Kh7 1-0

[Event "SERBIA CHESS OPEN 2021 – MASTERS"]
[Site "Belgrade, Hotel Metropol"]
[Date "2021.07.05"]
[Round "5.47"]
[White "Stoinev, Metodi"]
[Black "Aditya, Mittal"]
[Result "0-1"]
[WhiteElo "2212"]
[BlackElo "2438"]
[PlyCount "84"]
[EventDate "2021.??.??"]

1. e4 c5 2. Nf3 d6 3. d4 cxd4 4. Qxd4 Nc6 5. Qe3 g6 6. c4 Bg7 7. Be2 Qb6 8. Nc3
Qxe3 9. Bxe3 Bxc3+ 10. bxc3 Nf6 11. Nd2 b6 12. f3 Be6 13. Bd4 Rc8 14. Rb1 Na5
15. Rb4 O-O 16. g4 Rc7 17. Bxf6 exf6 18. Kf2 Rfc8 19. Rd1 Kf8 20. Ra4 Ke7 21.
h3 h6 22. h4 Bd7 23. Rb4 Nc6 24. Rb2 Be6 25. Nf1 Ne5 26. Rbd2 Nxc4 27. Bxc4
Rxc4 28. Rxd6 Rxc3 29. Ne3 Ra3 30. R1d3 Rcc3 31. Rxc3 Rxc3 32. a4 Rb3 33. Nd5+
Bxd5 34. Rxd5 a5 35. Rd4 Ke6 36. f4 g5 37. fxg5 fxg5 38. hxg5 hxg5 39. Rd5 f6
40. Rf5 Rb4 41. Ke3 Rxa4 42. e5 Rf4 0-1

[Event "SERBIA CHESS OPEN 2021 – MASTERS"]
[Site "Belgrade, Hotel Metropol"]
[Date "2021.07.05"]
[Round "5.48"]
[White "Ohanyan, Emin"]
[Black "Zarubitski, Viachaslau"]
[Result "1/2-1/2"]
[WhiteElo "2324"]
[BlackElo "2426"]
[PlyCount "115"]
[EventDate "2021.??.??"]

1. e4 c5 2. Nf3 e6 3. d4 cxd4 4. Nxd4 Bc5 5. Nb3 Bb6 6. Nc3 Ne7 7. Qf3 O-O 8.
Be3 f5 9. O-O-O Nbc6 10. Qg3 fxe4 11. Nxe4 Nf5 12. Qh3 Nxe3 13. fxe3 d5 14. Qg3
Qc7 15. Qxc7 Bxc7 16. Nc3 Be5 17. e4 d4 18. Ne2 Rd8 19. g3 Kf7 20. Bg2 Ke7 21.
Nc5 Bf6 22. c3 e5 23. h3 b6 24. Nd3 Ba6 25. cxd4 Nxd4 26. Nc3 Ne2+ 27. Kc2 Nxg3
28. Rhe1 Bxd3+ 29. Rxd3 Rxd3 30. Kxd3 Nh5 31. Nd5+ Kf7 32. Bf3 Nf4+ 33. Nxf4
exf4 34. e5 Rd8+ 35. Kc4 Re8 36. Kd5 Rd8+ 37. Kc4 Bh4 38. Rd1 Ke6 39. Rxd8 Bxd8
40. Kd4 Bh4 41. Bb7 Ke7 42. Ke4 Bg3 43. b3 Bh2 44. Kf5 Bg3 45. Kg5 f3 46. Bxf3
Bxe5 47. Kf5 Kd6 48. Ke4 Bf6 49. Be2 Kc5 50. a4 Kb4 51. Bc4 Kc3 52. Ke3 Bg5+
53. Ke2 Kd4 54. Kf3 Bd2 55. Ke2 Bf4 56. Kf3 Bd6 57. Bg8 h6 58. Bf7 1/2-1/2

[Event "SERBIA CHESS OPEN 2021 – MASTERS"]
[Site "Belgrade, Hotel Metropol"]
[Date "2021.07.05"]
[Round "5.49"]
[White "Milanovic, Danilo"]
[Black "Kosmas-Lekkas, Dimitrios"]
[Result "1/2-1/2"]
[WhiteElo "2416"]
[BlackElo "2186"]
[PlyCount "74"]
[EventDate "2021.??.??"]

1. d4 Nf6 2. c4 g6 3. Nc3 Bg7 4. e4 d6 5. f3 O-O 6. Bg5 c5 7. d5 e6 8. Qd2 exd5
9. cxd5 a6 10. a4 h6 11. Be3 Re8 12. Nge2 Nbd7 13. Nc1 Nxe4 14. fxe4 Bxc3 15.
bxc3 Qh4+ 16. Bf2 Qxe4+ 17. Qe2 Nf6 18. Qxe4 Nxe4 19. Be3 Nxc3 20. Kd2 Nxd5 21.
Bxh6 Bf5 22. Ra3 b5 23. axb5 axb5 24. Rxa8 Rxa8 25. Bxb5 Rb8 26. Be2 Rb2+ 27.
Ke1 Nb4 28. Kf2 d5 29. Rd1 Rc2 30. Bd2 Be4 31. Bxb4 cxb4 32. Nb3 Rc3 33. Nd2
Bc2 34. Rc1 d4 35. Bd1 d3 36. Ke1 b3 37. Nxb3 Rxb3 1/2-1/2

[Event "SERBIA CHESS OPEN 2021 – MASTERS"]
[Site "Belgrade, Hotel Metropol"]
[Date "2021.07.05"]
[Round "5.50"]
[White "Papidakis, Georgios"]
[Black "Abergel, Thal"]
[Result "1-0"]
[WhiteElo "2135"]
[BlackElo "2414"]
[PlyCount "109"]
[EventDate "2021.??.??"]

1. e4 c5 2. Nf3 d6 3. Bb5+ Nd7 4. d4 cxd4 5. Qxd4 e5 6. Qd3 Be7 7. Nc3 Ngf6 8.
Bg5 O-O 9. Bxd7 Qxd7 10. Bxf6 Bxf6 11. Rd1 Rd8 12. Nd5 Kh8 13. Nxf6 gxf6 14.
Nd2 d5 15. O-O dxe4 16. Qxe4 Qg4 17. f3 Qg6 18. Nc4 Be6 19. Ne3 b6 20. c4 Rac8
21. b3 Rg8 22. Rd6 Rce8 23. Qxg6 hxg6 24. Rfd1 Kg7 25. Nc2 Rh8 26. Ne3 f5 27.
g3 f4 28. gxf4 exf4 29. Ng2 g5 30. h4 f6 31. Kf2 Kf7 32. R6d4 Rc8 33. a4 Rc5
34. Rc1 Re5 35. b4 Rc8 36. Ne1 Bf5 37. Nd3 Re3 38. Ne1 Rce8 39. Rd2 Rb3 40. a5
Rxb4 41. axb6 Rxb6 42. c5 Rc6 43. hxg5 fxg5 44. Rd5 Kf6 45. Nd3 a5 46. Nb2 Rb8
47. Nc4 Be6 48. Rd6 Rxc5 49. Re1 Re8 50. Nb6 Kf7 51. Re4 Bf5 52. Red4 Rc2+ 53.
Rd2 Rxd2+ 54. Rxd2 Be6 55. Rc2 1-0